000 00933nam a22002057a 4500
003 OSt
005 20160620105940.0
008 150408b2012 slv spa
040 _cBMC
082 _a657
100 1 _934237
_aGuevara Hernández, Maira Lizeth
245 1 0 _aPasantía de asistente contable en Cooperativa Financiera Principal Acacsemersa de R.L.
_b: Informe final
_cMaira Lizeth Guevara Hernández
260 _aSanta Ana (El Salvador)
_bUniversidad Católica de El Salvador
_c2012
300 _a1 folleto (pág. var.)
_bil. col.
_c28 cm
_e+ 1 disco compacto
500 _aPrecede al tít.: Universidad Católica de El Salvador, Facultad de Ciencias Empresariales
502 _aTrabajo de graduación para optar al grado académico de Licenciatura en Contaduría Pública
650 2 4 _9877
_aContabilidad
710 2 _91067
_aUniversidad Católica de El Salvador
_bFacultad de Ciencias Empresariales
942 _2ddc
_cTG
999 _c20804
_d20804